UBT Library

Economics does not lie : (Record no. 40668)

000 -LEADER
fixed length control field 00872cam a2200229 a 4500
001 - CONTROL NUMBER
control field 15638906
005 - DATE AND TIME OF LATEST TRANSACTION
control field 20180122074955.0
008 - FIXED-LENGTH DATA ELEMENTS--GENERAL INFORMATION
fixed length control field 090226s2009 nyu 001 0 eng
010 ## - LIBRARY OF CONGRESS CONTROL NUMBER
LC control number 2009006924
020 ## - INTERNATIONAL STANDARD BOOK NUMBER
International Standard Book Number 9781594032547 (alk. paper)
020 ## - INTERNATIONAL STANDARD BOOK NUMBER
International Standard Book Number 1594032548 (alk. paper)
040 ## - CATALOGING SOURCE
Original cataloging agency DLC
Transcribing agency DLC
Modifying agency DLC
041 ## - LANGUAGE CODE
Language code of text/sound track or separate title eng
080 ## - UNIVERSAL DECIMAL CLASSIFICATION NUMBER
Universal Decimal Classification number 330.122 GUY
082 00 - DEWEY DECIMAL CLASSIFICATION NUMBER
Classification number 330.122 GUY
Edition number 22
100 1# - Rafti
Rafti 52
101 ## - Shkurtesa
Shkurtesa ECO
245 10 - TITLE STATEMENT
Title Economics does not lie :
Statement of responsibility, etc by Guy Sorman ; translated by Alexis Cornel.
906 ## - LOCAL DATA ELEMENT F, LDF (RLIN)
a 7
b cbc
c orignew
d 1
e ecip
f 20
g y-gencatlg
942 ## - ADDED ENTRY ELEMENTS (KOHA)
Source of classification or shelving scheme
Item type Books
Holdings
Withdrawn status Lost status Source of classification or shelving scheme Damaged status Not for loan Collection code Permanent location Current location Shelving location Date acquired Total Checkouts Full call number Barcode Date last seen Price effective from Koha item type
          Koleksioni i përgjithshem UBT - Lipjan UBT - Lipjan Koleksioni i përgjithshem 01/22/2018   330.122 GUY 002-2996053 01/22/2018 01/22/2018 Books
UBT Library © 2015-2024. All rights reserved University Education for Business and Technology